[Event "Team men PL final"]
[Site "Sochi"]
[Date "2018.05.07"]
[Round "6.4"]
[White "Triapishko, Alexandr"]
[Black "Rodshtein, Maxim"]
[Result "1/2-1/2"]
[BlackElo "2678"]
[WhiteElo "2510"]
[LiveChessVersion "1.4.8"]

1. Nf3 {[%clk 1:30:57]} d5 {[%clk 1:30:38]} 2. g3 {[%clk 1:31:09]} g6
{[%clk 1:30:15]} 3. Bg2 {[%clk 1:30:57]} Bg7 {[%clk 1:30:34]} 4. d4
{[%clk 1:28:53]} c6 {[%clk 1:29:44]} 5. O-O {[%clk 1:26:46]} Nf6 {[%clk 1:29:53]}
6. b3 {[%clk 1:22:13]} O-O {[%clk 1:29:53]} 7. Bb2 {[%clk 1:22:14]} Bf5
{[%clk 1:25:54]} 8. c4 {[%clk 1:20:16]} Re8 {[%clk 1:24:20]} 9. Nc3
{[%clk 1:09:11]} Ne4 {[%clk 1:21:10]} 10. Rc1 {[%clk 0:59:54]} Nxc3
{[%clk 1:15:45]} 11. Bxc3 {[%clk 1:00:12]} Be4 {[%clk 1:16:00]} 12. Qd2
{[%clk 0:51:01]} Nd7 {[%clk 1:06:21]} 13. cxd5 {[%clk 0:42:56]} cxd5
{[%clk 1:00:27]} 14. Ba5 {[%clk 0:35:55]} b6 {[%clk 1:00:32]} 15. Bb4
{[%clk 0:36:15]} a5 {[%clk 0:58:23]} 16. Ba3 {[%clk 0:32:17]} b5 {[%clk 0:53:08]}
17. Qf4 {[%clk 0:30:47]} h6 {[%clk 0:36:11]} 18. Ne5 {[%clk 0:23:19]} Nxe5
{[%clk 0:25:00]} 19. Bxe4 {[%clk 0:15:35]} dxe4 {[%clk 0:15:11]} 20. dxe5
{[%clk 0:15:57]} Qd4 {[%clk 0:14:42]} 21. Rfd1 {[%clk 0:12:13]} Qxe5
{[%clk 0:15:05]} 22. Qxe5 {[%clk 0:12:22]} Bxe5 {[%clk 0:15:30]} 23. Rd5
{[%clk 0:12:35]} f6 {[%clk 0:13:15]} 24. Rxb5 {[%clk 0:12:08]} a4
{[%clk 0:13:30]} 25. Rc4 {[%clk 0:07:38]} axb3 {[%clk 0:13:31]} 26. Rxb3
{[%clk 0:08:05]} f5 {[%clk 0:12:54]} 27. Bb2 {[%clk 0:08:01]} Bxb2
{[%clk 0:11:46]} 28. Rxb2 {[%clk 0:08:28]} Ra3 {[%clk 0:11:44]} 29. e3
{[%clk 0:04:08]} Kf7 {[%clk 0:11:41]} 30. h4 {[%clk 0:03:09]} Rea8
{[%clk 0:11:20]} 31. Rcc2 {[%clk 0:03:32]} e6 {[%clk 0:10:21]} 32. Kg2
{[%clk 0:03:05]} Kf6 {[%clk 0:10:41]} 33. Kf1 {[%clk 0:02:44]} R3a6
{[%clk 0:09:58]} 34. Kg2 {[%clk 0:02:21]} Ra3 {[%clk 0:08:42]} 35. Kf1
{[%clk 0:02:29]} g5 {[%clk 0:08:49]} 36. hxg5+ {[%clk 0:02:23]} hxg5
{[%clk 0:09:14]} 37. Kg2 {[%clk 0:02:18]} R3a7 {[%clk 0:07:03]} 38. Rc6
{[%clk 0:00:37]} Rxa2 {[%clk 0:06:56]} 39. Rxa2 {[%clk 0:00:40]} Rxa2
{[%clk 0:07:19]} 40. Kf1 {[%clk 0:30:36]} Ra7 {[%clk 0:34:30]} 41. Kg2
{[%clk 0:28:49]} Ra5 {[%clk 0:30:28]} 42. Rb6 {[%clk 0:26:53]} Ke5
{[%clk 0:29:44]} 43. Rb8 {[%clk 0:24:22]} f4 {[%clk 0:29:20]} 44. gxf4+
{[%clk 0:23:32]} gxf4 {[%clk 0:29:45]} 45. exf4+ {[%clk 0:23:12]} Kxf4
{[%clk 0:30:08]} 46. Rb4 {[%clk 0:20:29]} e5 {[%clk 0:29:42]} 47. Kf1
{[%clk 0:17:04]} Ra1+ {[%clk 0:29:14]} 48. Ke2 {[%clk 0:16:52]} Ra2+
{[%clk 0:29:37]} 49. Ke1 {[%clk 0:17:06]} 1/2-1/2

[Event "Team men PL final"]
[Site "Sochi"]
[Date "2018.05.07"]
[Round "6.5"]
[White "Alekseenko, Kirill"]
[Black "Chernobay, Artem"]
[Result "1/2-1/2"]
[BlackElo "2510"]
[WhiteElo "2625"]
[LiveChessVersion "1.4.8"]

1. e4 {[%clk 1:30:51]} c5 {[%clk 1:30:50]} 2. Nf3 {[%clk 1:31:02]} Nf6
{[%clk 1:31:09]} 3. e5 {[%clk 1:30:53]} Nd5 {[%clk 1:31:34]} 4. Nc3
{[%clk 1:30:58]} Nxc3 {[%clk 1:31:51]} 5. dxc3 {[%clk 1:31:09]} Nc6
{[%clk 1:32:14]} 6. Qe2 {[%clk 1:31:08]} e6 {[%clk 1:30:06]} 7. Bf4
{[%clk 1:31:21]} Qc7 {[%clk 1:28:57]} 8. O-O-O {[%clk 1:30:07]} a6
{[%clk 1:22:43]} 9. Kb1 {[%clk 1:21:02]} b5 {[%clk 1:18:42]} 10. h4
{[%clk 0:58:21]} Bb7 {[%clk 1:14:29]} 11. c4 {[%clk 0:54:59]} bxc4
{[%clk 1:08:03]} 12. Qxc4 {[%clk 0:53:52]} Nb4 {[%clk 1:07:16]} 13. a3
{[%clk 0:51:31]} Nd5 {[%clk 1:07:10]} 14. Bc1 {[%clk 0:48:29]} Bc6
{[%clk 1:02:04]} 15. Qd3 {[%clk 0:39:18]} Rb8 {[%clk 0:54:27]} 16. c4
{[%clk 0:39:09]} Ne7 {[%clk 0:52:04]} 17. Rh3 {[%clk 0:31:19]} h5
{[%clk 0:41:13]} 18. Qc3 {[%clk 0:24:11]} Be4+ {[%clk 0:19:26]} 19. Bd3
{[%clk 0:18:23]} Bxd3+ {[%clk 0:19:17]} 20. Qxd3 {[%clk 0:16:27]} Nf5
{[%clk 0:19:36]} 21. Rhh1 {[%clk 0:15:22]} Be7 {[%clk 0:17:48]} 22. Bd2
{[%clk 0:12:59]} Rb7 {[%clk 0:15:00]} 23. Qe4 {[%clk 0:10:30]} O-O
{[%clk 0:12:21]} 24. Ba5 {[%clk 0:09:51]} Qb8 {[%clk 0:10:23]} 25. Rd2
{[%clk 0:09:58]} d6 {[%clk 0:06:45]} 26. Bc3 {[%clk 0:09:48]} Rb3
{[%clk 0:03:31]} 27. Ka2 {[%clk 0:09:54]} Qb7 {[%clk 0:03:58]} 28. Qc2
{[%clk 0:08:48]} Rb8 {[%clk 0:04:04]} 29. Rhd1 {[%clk 0:08:54]} d5
{[%clk 0:03:37]} 30. cxd5 {[%clk 0:08:00]} exd5 {[%clk 0:04:04]} 31. Rxd5
{[%clk 0:05:11]} Nd4 {[%clk 0:04:30]} 32. Nxd4 {[%clk 0:03:16]} Rxc3
{[%clk 0:04:56]} 33. bxc3 {[%clk 0:03:38]} Qxd5+ {[%clk 0:05:22]} 34. c4
{[%clk 0:04:04]} Qxg2 {[%clk 0:05:26]} 35. Nf5 {[%clk 0:04:18]} Bf8
{[%clk 0:05:46]} 36. Rd3 {[%clk 0:04:13]} g6 {[%clk 0:03:36]} 37. e6
{[%clk 0:03:49]} Qe4 {[%clk 0:01:31]} 38. Nh6+ {[%clk 0:04:09]} Kg7
{[%clk 0:01:22]} 39. Nxf7 {[%clk 0:03:28]} Qxe6 {[%clk 0:01:44]} 40. Ng5
{[%clk 0:30:42]} Qf5 {[%clk 0:31:35]} 41. Qe2 {[%clk 0:23:43]} Kg8
{[%clk 0:26:23]} 42. Rb3 {[%clk 0:22:12]} Rd8 {[%clk 0:23:29]} 43. Rb7
{[%clk 0:19:32]} Qf6 {[%clk 0:16:33]} 44. f4 {[%clk 0:13:12]} Rd4
{[%clk 0:11:07]} 45. Ne6 {[%clk 0:07:26]} Rd6 {[%clk 0:11:26]} 46. Nxf8
{[%clk 0:07:04]} Kxf8 {[%clk 0:11:33]} 47. Qe3 {[%clk 0:07:01]} Rd4
{[%clk 0:09:13]} 48. Rb8+ {[%clk 0:03:35]} Kg7 {[%clk 0:09:34]} 49. Rb7+
{[%clk 0:03:54]} Kf8 {[%clk 0:09:57]} 50. Rb8+ {[%clk 0:04:13]} 1/2-1/2

[Event "Team men PL final"]
[Site "Sochi"]
[Date "2018.05.07"]
[Round "6.6"]
[White "Ofitserian, Boris"]
[Black "Goganov, Aleksey"]
[Result "0-1"]
[BlackElo "2572"]
[WhiteElo "2421"]
[LiveChessVersion "1.4.8"]

1. d4 {[%clk 1:30:57]} d5 {[%clk 1:30:55]} 2. c4 {[%clk 1:31:20]} c6
{[%clk 1:31:21]} 3. Nf3 {[%clk 1:31:45]} Nf6 {[%clk 1:31:46]} 4. g3
{[%clk 1:32:11]} Bg4 {[%clk 1:31:57]} 5. Ne5 {[%clk 1:31:44]} Bf5
{[%clk 1:32:20]} 6. cxd5 {[%clk 1:30:24]} cxd5 {[%clk 1:32:44]} 7. Nc3
{[%clk 1:30:43]} Nc6 {[%clk 1:32:39]} 8. Bg2 {[%clk 1:30:23]} e6 {[%clk 1:27:05]}
9. O-O {[%clk 1:26:43]} Rc8 {[%clk 1:25:15]} 10. Bg5 {[%clk 1:13:58]} Be7
{[%clk 1:21:48]} 11. Qa4 {[%clk 1:13:43]} Qb6 {[%clk 1:15:47]} 12. e4
{[%clk 0:40:06]} dxe4 {[%clk 0:58:29]} 13. g4 {[%clk 0:39:45]} Bg6
{[%clk 0:48:56]} 14. h4 {[%clk 0:39:36]} Qxb2 {[%clk 0:36:17]} 15. Nb5
{[%clk 0:28:38]} Qb4 {[%clk 0:15:10]} 16. Qxb4 {[%clk 0:29:00]} Nxb4
{[%clk 0:10:51]} 17. Nxa7 {[%clk 0:21:39]} Ra8 {[%clk 0:11:14]} 18. Nb5
{[%clk 0:22:05]} Ra5 {[%clk 0:10:39]} 19. a4 {[%clk 0:21:47]} h6 {[%clk 0:08:56]}
20. Bxf6 {[%clk 0:14:40]} gxf6 {[%clk 0:08:27]} 21. Nc4 {[%clk 0:15:07]} Ra6
{[%clk 0:08:10]} 22. Nc7+ {[%clk 0:15:33]} Kf8 {[%clk 0:07:37]} 23. Nxa6
{[%clk 0:15:38]} bxa6 {[%clk 0:08:02]} 24. Rac1 {[%clk 0:09:08]} Kg7
{[%clk 0:06:51]} 25. Ne3 {[%clk 0:08:16]} h5 {[%clk 0:05:21]} 26. Rc7
{[%clk 0:08:08]} Bd6 {[%clk 0:05:23]} 27. Rd7 {[%clk 0:08:18]} Bf4
{[%clk 0:05:45]} 28. Rb1 {[%clk 0:08:18]} Bxe3 {[%clk 0:04:27]} 29. Rxb4
{[%clk 0:07:30]} Bd2 {[%clk 0:04:50]} 30. Rb2 {[%clk 0:02:07]} e3
{[%clk 0:05:06]} 31. fxe3 {[%clk 0:02:23]} Bxe3+ {[%clk 0:05:30]} 32. Kf1
{[%clk 0:02:46]} hxg4 {[%clk 0:02:42]} 33. d5 {[%clk 0:02:23]} Bd3+
{[%clk 0:02:00]} 34. Ke1 {[%clk 0:01:16]} Rc8 {[%clk 0:02:21]} 35. Rd2
{[%clk 0:01:14]} Bxd2+ {[%clk 0:02:33]} 36. Kxd2 {[%clk 0:01:40]} Bf5
{[%clk 0:02:54]} 37. Bf1 {[%clk 0:00:34]} e5 {[%clk 0:02:57]} 38. Re7
{[%clk 0:00:32]} Rc2+ {[%clk 0:02:59]} 39. Kd1 {[%clk 0:00:40]} g3
{[%clk 0:02:18]} 40. d6 {[%clk 0:30:39]} g2 {[%clk 0:32:41]} 41. Bxg2
{[%clk 0:28:31]} Rxg2 {[%clk 0:33:03]} 42. d7 {[%clk 0:28:51]} Bxd7
{[%clk 0:33:26]} 43. Rxd7 {[%clk 0:29:17]} Rg4 {[%clk 0:33:16]} 0-1

[Event "Team men PL final"]
[Site "Sochi"]
[Date "2018.05.07"]
[Round "6.7"]
[White "Khismatullin, Denis"]
[Black "Potkin, Vladimir"]
[Result "0-1"]
[BlackElo "2574"]
[WhiteElo "2632"]
[LiveChessVersion "1.4.8"]

1. d4 {[%clk 1:30:57]} d5 {[%clk 1:30:20]} 2. c4 {[%clk 1:31:23]} c6
{[%clk 1:30:45]} 3. Nf3 {[%clk 1:31:35]} Nf6 {[%clk 1:31:08]} 4. Nc3
{[%clk 1:31:58]} e6 {[%clk 1:31:10]} 5. g3 {[%clk 1:32:23]} dxc4 {[%clk 1:30:13]}
6. Bg2 {[%clk 1:32:36]} Nbd7 {[%clk 1:30:29]} 7. O-O {[%clk 1:32:52]} Be7
{[%clk 1:30:50]} 8. e4 {[%clk 1:33:06]} O-O {[%clk 1:30:54]} 9. Bf4
{[%clk 1:32:25]} Nh5 {[%clk 1:28:04]} 10. Be3 {[%clk 1:23:29]} Nhf6
{[%clk 1:28:13]} 11. h3 {[%clk 1:21:09]} b5 {[%clk 0:57:45]} 12. d5
{[%clk 1:16:22]} cxd5 {[%clk 0:55:22]} 13. exd5 {[%clk 1:16:36]} exd5
{[%clk 0:55:45]} 14. Nxd5 {[%clk 0:56:41]} Bb7 {[%clk 0:55:26]} 15. Nxe7+
{[%clk 0:57:05]} Qxe7 {[%clk 0:55:52]} 16. Re1 {[%clk 0:57:25]} Qb4
{[%clk 0:51:42]} 17. a4 {[%clk 0:54:08]} a6 {[%clk 0:48:43]} 18. Qd2
{[%clk 0:43:41]} Qxd2 {[%clk 0:48:15]} 19. Bxd2 {[%clk 0:43:56]} Nc5
{[%clk 0:22:28]} 20. Bb4 {[%clk 0:33:15]} Nd3 {[%clk 0:12:14]} 21. Bxf8
{[%clk 0:33:19]} Nxe1 {[%clk 0:12:17]} 22. Nxe1 {[%clk 0:33:36]} Bxg2
{[%clk 0:12:42]} 23. Bxg7 {[%clk 0:33:24]} Kxg7 {[%clk 0:13:08]} 24. Kxg2
{[%clk 0:23:37]} Re8 {[%clk 0:11:11]} 25. axb5 {[%clk 0:20:14]} axb5
{[%clk 0:11:40]} 26. Kf1 {[%clk 0:05:54]} Rd8 {[%clk 0:08:39]} 27. Nf3
{[%clk 0:03:10]} Ne4 {[%clk 0:07:44]} 28. Ra5 {[%clk 0:00:56]} Rd3
{[%clk 0:04:08]} 29. Ke2 {[%clk 0:00:42]} Rb3 {[%clk 0:04:18]} 30. Nd4
{[%clk 0:00:49]} Rxb2+ {[%clk 0:04:36]} 31. Ke3 {[%clk 0:01:15]} Nxf2
{[%clk 0:04:04]} 32. Nxb5 {[%clk 0:01:33]} Nxh3 {[%clk 0:03:34]} 33. Nd4
{[%clk 0:01:20]} Rg2 {[%clk 0:02:21]} 34. Nf5+ {[%clk 0:00:36]} Kf6
{[%clk 0:02:41]} 35. Kf3 {[%clk 0:00:34]} Rf2+ {[%clk 0:02:33]} 36. Kg4
{[%clk 0:00:37]} h5+ {[%clk 0:02:53]} 0-1

[Event "Team men PL final"]
[Site "Sochi"]
[Date "2018.05.07"]
[Round "6.8"]
[White "Paravyan, David"]
[Black "Bocharov, Dmitry"]
[Result "1-0"]
[BlackElo "2594"]
[WhiteElo "2620"]
[LiveChessVersion "1.4.8"]

1. e4 {[%clk 1:30:58]} c6 {[%clk 1:30:44]} 2. d4 {[%clk 1:31:23]} d5
{[%clk 1:31:07]} 3. Nd2 {[%clk 1:31:51]} dxe4 {[%clk 1:31:02]} 4. Nxe4
{[%clk 1:32:17]} Nd7 {[%clk 1:31:14]} 5. Nf3 {[%clk 1:32:45]} Ngf6
{[%clk 1:30:45]} 6. Nc3 {[%clk 1:33:09]} Nb6 {[%clk 1:17:44]} 7. h3
{[%clk 1:33:35]} g6 {[%clk 1:17:03]} 8. Bd3 {[%clk 1:32:31]} Bg7 {[%clk 1:15:42]}
9. O-O {[%clk 1:32:53]} O-O {[%clk 1:16:01]} 10. Re1 {[%clk 1:32:41]} Qc7
{[%clk 1:04:39]} 11. Bg5 {[%clk 1:24:11]} e6 {[%clk 0:53:45]} 12. Ne5
{[%clk 1:17:53]} Nfd5 {[%clk 0:47:59]} 13. Bh4 {[%clk 1:17:17]} Nd7
{[%clk 0:34:32]} 14. Ne4 {[%clk 0:54:10]} Nxe5 {[%clk 0:27:10]} 15. dxe5
{[%clk 0:54:35]} Bxe5 {[%clk 0:25:14]} 16. c4 {[%clk 0:55:00]} Nf4
{[%clk 0:22:42]} 17. Nf6+ {[%clk 0:55:23]} Bxf6 {[%clk 0:22:58]} 18. Bxf6
{[%clk 0:55:49]} Nh5 {[%clk 0:23:05]} 19. Be5 {[%clk 0:55:47]} Qe7
{[%clk 0:23:24]} 20. Be2 {[%clk 0:47:56]} Rd8 {[%clk 0:23:04]} 21. Qc1
{[%clk 0:48:24]} f6 {[%clk 0:19:09]} 22. Bxh5 {[%clk 0:44:42]} fxe5
{[%clk 0:15:38]} 23. Bf3 {[%clk 0:44:59]} Qf6 {[%clk 0:13:48]} 24. Qc3
{[%clk 0:44:44]} Rd4 {[%clk 0:13:50]} 25. Re3 {[%clk 0:45:09]} Bd7
{[%clk 0:13:49]} 26. Rae1 {[%clk 0:45:27]} Rd8 {[%clk 0:13:25]} 27. Rxe5
{[%clk 0:34:48]} Bc8 {[%clk 0:12:56]} 28. Bg4 {[%clk 0:35:04]} Rd2
{[%clk 0:08:13]} 29. Qe3 {[%clk 0:34:08]} Kg7 {[%clk 0:03:19]} 30. Qxa7
{[%clk 0:23:33]} R8d4 {[%clk 0:00:39]} 31. R5e2 {[%clk 0:19:26]} h5
{[%clk 0:00:40]} 32. Bf3 {[%clk 0:19:19]} Rxe2 {[%clk 0:00:48]} 33. Bxe2
{[%clk 0:19:45]} Rd2 {[%clk 0:01:00]} 34. Qb8 {[%clk 0:18:00]} Bd7
{[%clk 0:00:46]} 35. Qxb7 {[%clk 0:14:04]} Qxb2 {[%clk 0:00:57]} 36. Qc7
{[%clk 0:13:40]} Qxa2 {[%clk 0:00:53]} 37. Qe5+ {[%clk 0:13:12]} Kf7
{[%clk 0:00:45]} 38. Bxh5 {[%clk 0:07:39]} gxh5 {[%clk 0:00:52]} 39. Qxh5+
{[%clk 0:08:05]} Ke7 {[%clk 0:01:03]} 40. Qg5+ {[%clk 0:38:32]} Ke8
{[%clk 0:30:59]} 41. Qg8+ {[%clk 0:35:05]} Ke7 {[%clk 0:27:58]} 42. Qg7+
{[%clk 0:35:12]} Kd6 {[%clk 0:25:13]} 43. Ra1 {[%clk 0:26:58]} Qb2
{[%clk 0:13:22]} 44. Qf8+ {[%clk 0:27:09]} Ke5 {[%clk 0:13:35]} 45. Kh2
{[%clk 0:18:35]} Rxf2 {[%clk 0:03:04]} 46. Qg7+ {[%clk 0:18:23]} Kf5
{[%clk 0:03:21]} 47. Ra5+ {[%clk 0:15:43]} Ke4 {[%clk 0:03:27]} 48. Qg4+
{[%clk 0:14:13]} Ke3 {[%clk 0:01:39]} 49. Ra3+ {[%clk 0:13:53]} Kd2
{[%clk 0:01:57]} 50. Qg3 {[%clk 0:13:43]} Ke1 {[%clk 0:00:35]} 51. Rb3
{[%clk 0:07:44]} Qc2 {[%clk 0:00:40]} 52. Rc3 {[%clk 0:07:34]} Qd2
{[%clk 0:00:39]} 53. Rd3 {[%clk 0:05:24]} Qc2 {[%clk 0:00:52]} 54. Kg1
{[%clk 0:04:58]} 1-0

[Event "Team men PL final"]
[Site "Sochi"]
[Date "2018.05.07"]
[Round "6.9"]
[White "Maletin, Pavel"]
[Black "Stupak, Kirill"]
[Result "1/2-1/2"]
[BlackElo "2556"]
[WhiteElo "2572"]
[LiveChessVersion "1.4.8"]

1. Nf3 {[%clk 1:30:51]} d5 {[%clk 1:30:29]} 2. d4 {[%clk 1:30:55]} c5
{[%clk 1:30:49]} 3. c4 {[%clk 1:30:27]} cxd4 {[%clk 1:30:00]} 4. cxd5
{[%clk 1:29:49]} Nf6 {[%clk 1:29:53]} 5. Qxd4 {[%clk 1:25:41]} Qxd5
{[%clk 1:30:11]} 6. Nc3 {[%clk 1:24:52]} Qxd4 {[%clk 1:30:38]} 7. Nxd4
{[%clk 1:25:14]} a6 {[%clk 1:30:58]} 8. g3 {[%clk 0:58:03]} e5 {[%clk 1:31:23]}
9. Nb3 {[%clk 0:57:57]} Bd7 {[%clk 1:31:32]} 10. Bg2 {[%clk 0:57:11]} Bc6
{[%clk 1:31:56]} 11. O-O {[%clk 0:57:00]} Bxg2 {[%clk 1:27:52]} 12. Kxg2
{[%clk 0:57:22]} Bb4 {[%clk 1:28:19]} 13. Bd2 {[%clk 0:56:12]} Nc6
{[%clk 1:26:27]} 14. a3 {[%clk 0:42:18]} Bxc3 {[%clk 1:25:22]} 15. Bxc3
{[%clk 0:42:43]} Nd5 {[%clk 1:00:52]} 16. Rac1 {[%clk 0:41:41]} Ke7
{[%clk 0:50:46]} 17. e4 {[%clk 0:25:06]} Nxc3 {[%clk 0:26:09]} 18. Rxc3
{[%clk 0:25:27]} Rhd8 {[%clk 0:26:37]} 19. Nc5 {[%clk 0:20:25]} b5
{[%clk 0:23:32]} 20. Nb7 {[%clk 0:16:01]} Rd7 {[%clk 0:22:56]} 21. Rxc6
{[%clk 0:16:24]} Rxb7 {[%clk 0:23:25]} 22. Rfc1 {[%clk 0:15:08]} Rd7
{[%clk 0:19:52]} 23. R1c5 {[%clk 0:14:22]} f6 {[%clk 0:18:49]} 24. Rb6
{[%clk 0:14:24]} Raa7 {[%clk 0:17:52]} 25. Rcc6 {[%clk 0:12:12]} Rd3
{[%clk 0:17:03]} 26. Rxa6 {[%clk 0:06:52]} Rxa6 {[%clk 0:17:20]} 27. Rxa6
{[%clk 0:07:17]} Rb3 {[%clk 0:17:47]} 28. Ra7+ {[%clk 0:07:35]} Kf8
{[%clk 0:18:09]} 29. Rb7 {[%clk 0:03:05]} Rxb2 {[%clk 0:18:31]} 30. a4
{[%clk 0:02:58]} b4 {[%clk 0:18:56]} 31. a5 {[%clk 0:02:54]} Ra2 {[%clk 0:19:22]}
32. Rxb4 {[%clk 0:03:11]} Rxa5 {[%clk 0:19:49]} 33. Rb7 {[%clk 0:03:27]} Ra4
{[%clk 0:20:10]} 34. Kf3 {[%clk 0:03:46]} h5 {[%clk 0:20:04]} 35. h4
{[%clk 0:04:00]} Ra3+ {[%clk 0:20:28]} 36. Ke2 {[%clk 0:04:18]} Ra2+
{[%clk 0:20:54]} 37. Ke3 {[%clk 0:04:30]} Ra3+ {[%clk 0:21:20]} 38. Ke2
{[%clk 0:04:56]} Ra2+ {[%clk 0:21:47]} 39. Ke3 {[%clk 0:05:20]} Ra3+
{[%clk 0:22:14]} 40. Ke2 {[%clk 0:35:47]} Ra2+ {[%clk 0:52:39]} 41. Ke3
{[%clk 0:36:09]} 1/2-1/2

[Event "Team men PL final"]
[Site "Sochi"]
[Date "2018.05.07"]
[Round "6.10"]
[White "Yuffa, Daniil"]
[Black "Tsydypov, Zhamsaran"]
[Result "1-0"]
[BlackElo "2525"]
[WhiteElo "2566"]
[LiveChessVersion "1.4.8"]

1. d4 {[%clk 1:30:52]} Nf6 {[%clk 1:30:18]} 2. c4 {[%clk 1:31:09]} g6
{[%clk 1:28:29]} 3. Nc3 {[%clk 1:30:44]} d5 {[%clk 1:28:48]} 4. Bg5
{[%clk 1:30:45]} Bg7 {[%clk 1:27:06]} 5. Bxf6 {[%clk 1:30:42]} Bxf6
{[%clk 1:27:32]} 6. cxd5 {[%clk 1:31:00]} c6 {[%clk 1:27:21]} 7. e4
{[%clk 1:31:15]} Qb6 {[%clk 1:25:57]} 8. e5 {[%clk 1:21:24]} Qxb2
{[%clk 1:25:20]} 9. Nge2 {[%clk 1:21:29]} Bg7 {[%clk 1:21:33]} 10. g3
{[%clk 1:19:52]} O-O {[%clk 1:17:47]} 11. Bg2 {[%clk 1:19:02]} cxd5
{[%clk 1:18:07]} 12. Nxd5 {[%clk 1:16:27]} Nc6 {[%clk 1:18:32]} 13. Qc1
{[%clk 0:54:00]} Qb5 {[%clk 1:10:55]} 14. Rb1 {[%clk 0:51:52]} Qa6
{[%clk 1:04:06]} 15. Qd2 {[%clk 0:47:10]} Bg4 {[%clk 0:56:59]} 16. Nc7
{[%clk 0:41:08]} Qxe2+ {[%clk 0:56:35]} 17. Qxe2 {[%clk 0:41:34]} Bxe2
{[%clk 0:57:03]} 18. Bxc6 {[%clk 0:40:17]} Bd3 {[%clk 0:55:23]} 19. Rxb7
{[%clk 0:37:20]} Rad8 {[%clk 0:55:17]} 20. Nd5 {[%clk 0:35:21]} e6
{[%clk 0:55:01]} 21. Kd2 {[%clk 0:34:37]} Bf5 {[%clk 0:43:33]} 22. Ne7+
{[%clk 0:33:57]} Kh8 {[%clk 0:44:02]} 23. Nxf5 {[%clk 0:27:56]} gxf5
{[%clk 0:44:05]} 24. Ke3 {[%clk 0:28:09]} Rc8 {[%clk 0:39:20]} 25. Rc1
{[%clk 0:25:57]} f4+ {[%clk 0:39:29]} 26. gxf4 {[%clk 0:24:57]} Bh6
{[%clk 0:37:31]} 27. Rc2 {[%clk 0:23:37]} a5 {[%clk 0:37:03]} 28. Be4
{[%clk 0:20:12]} Rxc2 {[%clk 0:36:53]} 29. Bxc2 {[%clk 0:20:39]} Rc8
{[%clk 0:36:19]} 30. Bb3 {[%clk 0:20:12]} Kg8 {[%clk 0:36:20]} 1-0

[Event "Team men PL final"]
[Site "Sochi"]
[Date "2018.05.07"]
[Round "6.11"]
[White "Bocharov, Ivan"]
[Black "Antipov, Mikhail Al."]
[Result "1-0"]
[BlackElo "2597"]
[WhiteElo "2547"]
[LiveChessVersion "1.4.8"]

1. e4 {[%clk 1:30:59]} e6 {[%clk 1:30:55]} 2. d4 {[%clk 1:31:26]} d5
{[%clk 1:31:21]} 3. Nd2 {[%clk 1:31:51]} h6 {[%clk 1:31:47]} 4. Ngf3
{[%clk 1:31:50]} Nf6 {[%clk 1:32:13]} 5. e5 {[%clk 1:32:01]} Nfd7
{[%clk 1:32:38]} 6. Bd3 {[%clk 1:31:59]} c5 {[%clk 1:33:01]} 7. c3
{[%clk 1:32:18]} Nc6 {[%clk 1:33:27]} 8. O-O {[%clk 1:31:49]} g5 {[%clk 1:33:47]}
9. c4 {[%clk 1:23:58]} g4 {[%clk 1:14:54]} 10. cxd5 {[%clk 1:23:25]} exd5
{[%clk 1:14:51]} 11. e6 {[%clk 1:19:12]} fxe6 {[%clk 1:13:21]} 12. Bg6+
{[%clk 1:19:25]} Ke7 {[%clk 1:13:45]} 13. Nh4 {[%clk 1:19:32]} cxd4
{[%clk 1:00:40]} 14. Qxg4 {[%clk 1:15:13]} Nde5 {[%clk 0:46:38]} 15. Qh5
{[%clk 1:14:56]} Kd6 {[%clk 0:35:19]} 16. f4 {[%clk 1:02:33]} Nd7
{[%clk 0:35:12]} 17. Bd3 {[%clk 0:59:39]} Bg7 {[%clk 0:30:44]} 18. Re1
{[%clk 0:54:26]} Nc5 {[%clk 0:23:23]} 19. Bb5 {[%clk 0:51:56]} Nb4
{[%clk 0:23:13]} 20. f5 {[%clk 0:47:07]} Ncd3 {[%clk 0:18:12]} 21. fxe6
{[%clk 0:37:47]} Nxe1 {[%clk 0:16:24]} 22. Nf5+ {[%clk 0:34:59]} Kc5
{[%clk 0:16:50]} 23. e7 {[%clk 0:32:36]} Qc7 {[%clk 0:13:54]} 24. Qg6
{[%clk 0:18:46]} Nc6 {[%clk 0:07:04]} 25. Nxg7 {[%clk 0:11:36]} Kxb5
{[%clk 0:04:53]} 26. e8=Q {[%clk 0:10:52]} Rxe8 {[%clk 0:05:22]} 27. Nxe8
{[%clk 0:11:14]} Qe7 {[%clk 0:05:24]} 28. a4+ {[%clk 0:10:09]} Ka6
{[%clk 0:05:23]} 29. b4 {[%clk 0:09:01]} Bh3 {[%clk 0:05:31]} 30. gxh3 Rxe8
{[%clk 0:05:23]} 31. b5+ {[%clk 0:08:18]} Kb6 {[%clk 0:04:03]} 32. bxc6
{[%clk 0:08:34]} Rf8 {[%clk 0:02:15]} 33. Rb1+ {[%clk 0:07:48]} Ka5
{[%clk 0:02:41]} 34. cxb7 {[%clk 0:05:46]} 1-0

[Event "Team men PL final"]
[Site "Sochi"]
[Date "2018.05.07"]
[Round "6.12"]
[White "Lomasov, Semen"]
[Black "Khanin, Semen"]
[Result "0-1"]
[BlackElo "2477"]
[WhiteElo "2559"]
[LiveChessVersion "1.4.8"]

1. e4 {[%clk 1:30:52]} e5 {[%clk 1:30:55]} 2. Nf3 {[%clk 1:31:15]} Nf6
{[%clk 1:31:21]} 3. Nxe5 {[%clk 1:27:44]} d6 {[%clk 1:31:45]} 4. Nf3
{[%clk 1:28:10]} Nxe4 {[%clk 1:32:10]} 5. Nc3 {[%clk 1:28:23]} Nxc3
{[%clk 1:32:34]} 6. dxc3 {[%clk 1:28:49]} Be7 {[%clk 1:32:55]} 7. Be3
{[%clk 1:29:11]} O-O {[%clk 1:33:09]} 8. Qd2 {[%clk 1:28:55]} Nd7
{[%clk 1:33:33]} 9. O-O-O {[%clk 1:28:10]} c6 {[%clk 1:33:56]} 10. Kb1
{[%clk 1:16:57]} d5 {[%clk 1:32:18]} 11. h4 {[%clk 1:00:49]} Bc5 {[%clk 1:32:27]}
12. h5 {[%clk 1:00:09]} Bxe3 {[%clk 1:30:37]} 13. Qxe3 {[%clk 1:00:29]} Nf6
{[%clk 1:27:59]} 14. Bd3 {[%clk 0:52:21]} h6 {[%clk 1:27:48]} 15. Qf4
{[%clk 0:49:31]} Ng4 {[%clk 1:12:17]} 16. Nd4 {[%clk 0:42:09]} Qg5
{[%clk 1:07:06]} 17. Qg3 {[%clk 0:42:00]} Qe5 {[%clk 1:02:09]} 18. Qxe5
{[%clk 0:32:00]} Nxe5 {[%clk 1:01:49]} 19. Bf5 {[%clk 0:32:01]} Bxf5
{[%clk 0:58:24]} 20. Nxf5 {[%clk 0:32:26]} Ng4 {[%clk 0:58:40]} 21. Rd2
{[%clk 0:24:24]} Rfe8 {[%clk 0:57:09]} 22. Nd6 {[%clk 0:23:40]} Re7
{[%clk 0:55:31]} 23. f3 {[%clk 0:23:15]} Nf6 {[%clk 0:47:10]} 24. Kc1
{[%clk 0:23:09]} g6 {[%clk 0:27:16]} 25. hxg6 {[%clk 0:20:56]} fxg6
{[%clk 0:27:42]} 26. c4 {[%clk 0:20:27]} Rd7 {[%clk 0:24:53]} 27. c5
{[%clk 0:20:35]} b6 {[%clk 0:25:16]} 28. b4 {[%clk 0:20:12]} a5 {[%clk 0:25:38]}
29. Re1 {[%clk 0:19:37]} axb4 {[%clk 0:25:26]} 30. Re6 {[%clk 0:20:00]} bxc5
{[%clk 0:21:00]} 31. Rxf6 {[%clk 0:20:22]} Kg7 {[%clk 0:17:52]} 32. Re6
{[%clk 0:19:56]} Rxa2 {[%clk 0:18:18]} 33. Ne8+ {[%clk 0:14:05]} Kf8
{[%clk 0:17:37]} 34. Rxc6 {[%clk 0:04:03]} c4 {[%clk 0:14:10]} 35. Rxc4
{[%clk 0:03:11]} dxc4 {[%clk 0:14:16]} 36. Rxd7 {[%clk 0:03:39]} c3
{[%clk 0:13:46]} 37. Kb1 {[%clk 0:02:46]} Rb2+ {[%clk 0:14:13]} 38. Kc1
{[%clk 0:03:10]} Kxe8 {[%clk 0:14:30]} 39. Rg7 {[%clk 0:00:33]} Ra2
{[%clk 0:13:42]} 40. Kb1 {[%clk 0:30:52]} b3 {[%clk 0:43:34]} 41. cxb3
{[%clk 0:29:31]} Rxg2 {[%clk 0:43:39]} 42. Kc1 {[%clk 0:15:25]} h5
{[%clk 0:43:20]} 43. b4 {[%clk 0:14:39]} h4 {[%clk 0:34:09]} 44. b5
{[%clk 0:13:48]} Kd8 {[%clk 0:34:30]} 45. b6 {[%clk 0:07:54]} Kc8
{[%clk 0:34:57]} 46. Rh7 {[%clk 0:03:25]} g5 {[%clk 0:21:45]} 47. f4
{[%clk 0:03:30]} gxf4 {[%clk 0:22:12]} 48. Rc7+ {[%clk 0:03:24]} Kb8
{[%clk 0:22:40]} 49. Rxc3 {[%clk 0:03:47]} Rg3 {[%clk 0:22:48]} 50. Rc7
{[%clk 0:03:41]} h3 {[%clk 0:23:14]} 51. Rh7 {[%clk 0:01:44]} f3 {[%clk 0:23:38]}
52. Kd2 {[%clk 0:01:57]} Rg2+ {[%clk 0:24:04]} 0-1